000 00457nam a2200169Ia 4500
005 20250117014802.0
008 240331s9999 xx 000 0 und d
020 _a0252060636
082 _bDIA
_23558
_a305.3
245 0 _aSeduction & Theory:
_bReading of Gender, Representation, and Rhetoric
260 _aChicago
_bUniversity of Illinois Press
_c1989
300 _avii, 250 p.,
650 _aGender
650 _aWomen
650 _aFeminism
942 _cL
999 _c1595
_d1595